|
|
|
|
| LEADER |
01537nam a2200289 a 4500 |
| 001 |
0017432 |
| 003 |
BD-DhAAL |
| 008 |
100421r2004 ii a b 000 0 eng d |
| 040 |
|
|
|a BD-DhAAL
|c BD-DhAAL
|
| 082 |
0 |
0 |
|a 347.2954
|2 22
|
| 100 |
1 |
|
|a Manohar, Murli.
|9 881
|
| 245 |
0 |
0 |
|a Murli Manohar's art of conveyancing and pleading /
|c Murli Manohar and R Prakash.
|
| 250 |
|
|
|a Second edition.
|
| 260 |
|
|
|a New Delhi :
|b Eastern Book Company,
|c 2004 [reprinted].
|
| 300 |
|
|
|a viii, 314 p. :
|b ill. ;
|c 22 cm
|
| 504 |
|
|
|a Includes bibliographical references.
|
| 526 |
|
|
|a SOL
|x Professor K Shamsuddin Mahmood
Professor and Dean
School of Law
BRAC University
|
| 541 |
1 |
|
|e 0017432
|a Anupam Gyan Bhandar
|
| 650 |
|
0 |
|a Conveyancing
|z India.
|9 882
|
| 650 |
|
0 |
|a Pleading
|z India.
|9 883
|
| 700 |
1 |
|
|a Prakash, R.
|9 884
|
| 852 |
4 |
|
|a Ayesha Abed Library
|c General Stacks
|
| 942 |
|
|
|2 ddc
|c BK
|
| 999 |
|
|
|c 8194
|d 8194
|
| 952 |
|
|
|0 0
|1 0
|2 ddc
|4 0
|6 347_295400000000000_MAN_2004
|7 0
|9 12613
|a BRACUL
|b BRACUL
|c GEN
|d 2010-10-21
|e Anupam Gyan Bhandar
|g 315.00
|l 15
|m 77
|o 347.2954 MAN
|p 3010017432
|r 2022-07-03
|s 2022-06-26
|t 1
|w 2010-10-21
|y BK
|x Requisitioned by Professor K Shamsuddin Mahmood (Professor and Dean), School of Law, BRAC University
|
| 952 |
|
|
|0 0
|1 0
|2 ddc
|4 0
|6 347_295400000000000_MAN
|7 0
|9 13587
|a BRACUL
|b BRACUL
|c GEN
|d 2010-12-13
|l 7
|m 50
|o 347.2954 MAN
|p 3010021506
|r 2025-10-25
|s 2024-10-02
|t 2
|w 2010-12-13
|y BK
|
| 952 |
|
|
|0 0
|1 0
|2 ddc
|4 0
|6 347_295400000000000_MAN
|7 0
|9 13588
|a BRACUL
|b BRACUL
|c GEN
|d 2010-12-13
|l 8
|m 49
|o 347.2954 MAN
|p 3010021505
|r 2025-10-25
|s 2024-09-30
|t 3
|w 2010-12-13
|y BK
|